Science in danger (notice n° 2213109)

détails MARC
000 -LEADER
fixed length control field 01833cam a2200169 4500500
005 - DATE AND TIME OF LATEST TRANSACTION
control field 20260419001934.0
041 ## - LANGUAGE CODE
Language code of text/sound track or separate title fre
042 ## - AUTHENTICATION CODE
Authentication code dc
100 10 - MAIN ENTRY--PERSONAL NAME
Personal name Kasereka Sivunavirwa, Emmanuel
Relator term author
245 00 - TITLE STATEMENT
Title Science in danger
260 ## - PUBLICATION, DISTRIBUTION, ETC.
Date of publication, distribution, etc. 2020.<br/>
500 ## - GENERAL NOTE
General note 55
520 ## - SUMMARY, ETC.
Summary, etc. In a post-monopolistic context marked by the liberalization of the insurance market in the Democratic Republic of Congo, this study examines the strategic mechanisms of customer retention by analyzing the structuring effect of marketing communication, with corporate image serving as a mediating variable. This relationship remains underexplored in emerging African economies, where prior research has largely adopted fragmented approaches. Using a hypothetico-deductive framework, the study draws on empirical data collected from 185 clients of RAWSUR Goma, a key actor in the Congolese insurance sector. Data analysis employs a robust quantitative methodology, combining exploratory and confirmatory factor analyses, followed by structural equation modeling. The findings indicate that marketing communication exerts a positive and significant effect on both corporate image and customer retention, while confirming the substantial mediating role of corporate image in this relationship. Theoretically, the study highlights the strategic interdependence between communication, image, and retention behavior in emerging competitive markets. Managerially, it underscores the importance of aligning communication strategies with the creation of sustainable relational and symbolic value.
700 10 - ADDED ENTRY--PERSONAL NAME
Personal name Kambale Sivunavirwa, Josué
Relator term author
786 0# - DATA SOURCE ENTRY
Note Responsible Organization Review | 15 | 1 | 2020-06-04 | p. 3-4 | 1951-0187
856 41 - ELECTRONIC LOCATION AND ACCESS
Uniform Resource Identifier <a href="https://shs.cairn.info/journal-responsible-organization-review-2020-1-page-3?lang=en&redirect-ssocas=7080">https://shs.cairn.info/journal-responsible-organization-review-2020-1-page-3?lang=en&redirect-ssocas=7080</a>

Pas d'exemplaire disponible.

PLUDOC

PLUDOC est la plateforme unique et centralisée de gestion des bibliothèques physiques et numériques de Guinée administré par le CEDUST. Elle est la plus grande base de données de ressources documentaires pour les Étudiants, Enseignants chercheurs et Chercheurs de Guinée.

Adresse

627 919 101/664 919 101

25 boulevard du commerce
Kaloum, Conakry, Guinée

Réseaux sociaux

Powered by Netsen Group @ 2025